000 00320 a2200109 4500
001 ART_10431
005 20260410161848.0
008 260409a
245 1 0 _aPolíticas de estabilización económica
100 1 _aMantel, Rolf R.
773 0 _tEconómica
_g- Año XVII, Nº2 (may./ago. 1971)
_wREV7541
999 _c24743
_d24743